000 02214nam0a2200421 4500
001 RU\NLR\BIBL_A\022614288
005 20251120153432.0
010 _a978-5-00214-467-9
_93000
021 _aRU
_bКН-П-25-041908
_9КН-П-25-4079
035 _a(NLR Aleph) 022614288
090 _a13465118
_c13465118
100 _a20250903d2025 u y0rusy50 ca
101 1 _arus
_ceng
102 _aRU
105 _aa z 000yy
181 0 _ai3
_baxxe
182 0 _an
200 1 _aТы можешь сам!
_eкак помочь подростку стать ответственным и организованным
_fРичард Гуар, Пэг Доусон, Колин Гуар
_gперевод с английского Надежды Вершининой
203 _aТекст
_bвизуальный
_cнепосредственный
210 _aМосква
_cМИФ
_d2025
215 _a397, [2] с.
_cтабл.
_d22
225 1 _aИнвестиция в будущее. Воспитываем детей, готовых к вызовам судьбы
225 1 _aРодителям успешных детей
300 _aЗагл. и авт. ориг.: Smart but scattered teens / Richard Guare, Peg Dawson, Colin Guare
300 _aВ конце кн. авт.: Ричард Гуар, нейрофизиолог, аналитик, консультант, Пэг Доусон, доктор педагогики, клинический психолог, Колин Гуар, ABA-терапевт, писатель
320 _aБиблиогр.: с. 388-398
333 _a16+
454 0 _12001#$aSmart but scattered teens$fRichard Guare, Peg Dawson, Colin Guare
_1700#1$aGuare$bR.$gRichard
_1701#1$aDawson$bP.$gPeg
_1701#1$aGuare$bC.$gColin
_tSmart but scattered teens
_aGuare, Richard
606 1 _aПодростки
_xВоспитание самостоятельности
_92055608
_3RU\NLR\AUTH\661232662
686 1 _aЮ983.726-42
686 1 _aЧ421.352.212
700 1 _aГуар
_bР.
_gРичард
701 1 _aДоусон
_bП.
_gПэг
701 1 _aГуар
_bК.
_gКолин
942 _cBOOK
980 _aNB